Business Communications Today/ (Record no. 14215)

000 -LEADER
fixed length control field 00762nam a22002057a 4500
008 - FIXED-LENGTH DATA ELEMENTS--GENERAL INFORMATION
fixed length control field 160928b xxu||||| |||| 00| 0 eng d
020 ## - INTERNATIONAL STANDARD BOOK NUMBER
International Standard Book Number 0130928585
050 ## - LIBRARY OF CONGRESS CALL NUMBER
Classification number HF 5718 .B66 2002
100 ## - MAIN ENTRY--PERSONAL NAME
Personal name Bovee, Courtland L.
245 ## - TITLE STATEMENT
Title Business Communications Today/
Statement of responsibility, etc. Courtland L. Bovee, John V. Thill and Barbara E. Schatzman
250 ## - EDITION STATEMENT
Edition statement 7th ed.
260 ## - PUBLICATION, DISTRIBUTION, ETC. (IMPRINT)
Place of publication, distribution, etc. Upper Saddle River, NJ:
Name of publisher, distributor, etc. Prentice Hall,
Date of publication, distribution, etc. 2002
300 ## - PHYSICAL DESCRIPTION
Extent xxxvi, 606p. :
Other physical details ill. ;
500 ## - GENERAL NOTE
General note Includes references and index.
650 ## - SUBJECT ADDED ENTRY--TOPICAL TERM
Topical term or geographic name as entry element Business communication
General subdivision Case studies
Geographic subdivision United States
650 ## - SUBJECT ADDED ENTRY--TOPICAL TERM
Topical term or geographic name as entry element Communication in organizations
General subdivision Case studies
Geographic subdivision United States
700 ## - ADDED ENTRY--PERSONAL NAME
Personal name Thill, John V.
700 ## - ADDED ENTRY--PERSONAL NAME
Personal name Schatzman, Barbara E.
942 ## - ADDED ENTRY ELEMENTS (KOHA)
Source of classification or shelving scheme
Koha item type Hard Covered Materials
Classification part HF 5718 .B66 2002
Koha issues (borrowed), all copies 1
Holdings
Withdrawn status Lost status Source of classification or shelving scheme Damaged status Not for loan Home library Current library Shelving location Date acquired Source of acquisition Total Checkouts Full call number Barcode Date last seen Date last checked out Price effective from Koha item type
          MACHAKOS UNIVERSITY LIBRARY MACHAKOS UNIVERSITY LIBRARY Open shelf 28/09/2016 Donation (BFA) 1 HF 5718 .B66 2002 25721 06/10/2017 03/10/2017 28/09/2016 Hard Covered Materials
© Machakos University Library, Along The Highway, Machakos Wote Rd, Machakos, Kenya P.O. Box 136 - 90100 Machakos - Kenya

Tel: ( +254 ) 723 805829 OR Fax : 044-20353 OR Email: library@mksu.ac.ke